00578 2200181 4500001002100000005001500021035002000036245003300056100001400089250001100103300003700114700001700151260011800168082001900286084002500305020002200330650004400352INLIS00000000000179720241106093759 a0010-11240000551 aBiji Merah Luna /cAmmy Kudo0 aAmmy Kudo aCet. 1 a22 hlm. :bilus. ;c21 x 29,7 cm0 aMel Darmawan aJakarta :bBadan Pengembangan dan Pembinaan Bahasa, Kementrian Pendidikan, Kebudayaan, Riset dan Teknologi,c2022 a398.209 598 19 a398.209 598 19 AMM b a978-602-244-926-3 4aCerita Anak Indonesia. Cerita Bergambar